Goodwill
Goodwill ako pojem a súčasť účtovníctva. Zásady a podmienky vzniku goodwillu a záporného goodwillu, v prípadoch zlúčenia, splynutia alebo rozdelenia, vznik prvotného goodwillu a jeho následné úpravy. Odpisovanie goodwillu a účtovanie o odloženej dani v súvislosti s goodwillom.
Saved in:
| Main Author: | |
|---|---|
| Format: | Book Chapter |
| Language: | Slovak |
| Subjects: | |
| Tags: |
No Tags, Be the first to tag this record!
|
MARC
| LEADER | 00000naa a2200000 4500 | ||
|---|---|---|---|
| 001 | 0135680 | ||
| 005 | 20231114101636.7 | ||
| 041 | 0 | |a slo | |
| 044 | |a SK | ||
| 245 | 1 | 0 | |a Goodwill |c Jana Turóciová |
| 520 | |a Goodwill ako pojem a súčasť účtovníctva. Zásady a podmienky vzniku goodwillu a záporného goodwillu, v prípadoch zlúčenia, splynutia alebo rozdelenia, vznik prvotného goodwillu a jeho následné úpravy. Odpisovanie goodwillu a účtovanie o odloženej dani v súvislosti s goodwillom. | ||
| 610 | 2 | 0 | |a goodwill |
| 610 | 2 | 0 | |a pojmy |
| 610 | 2 | 0 | |a účtovníctvo |
| 100 | 1 | |a Turóciová, Jana | |